000 00309nam a22001337a 4500
008 170727b xxu||||| |||| 00| 0 eng d
020 _a9780256078367
041 _aeng
080 _22ND
_a004
100 _a31
101 _aSHK
245 _aCOMPUTERS THE USER PERSPECTIVE
_cHUTCHINSON,S.E
942 _2udc
_cBK
999 _c22010
_d22010